000 00697na a2200253 4500
001 24437
003 MIRAKIL
005 20181226104235.0
008 181017b tu 000 0
041 _atur
082 _a813.317
_bB35k 1965
090 _a813.317 B35k 1965
100 _aBener, Erhan
245 _aKedi ve ölüm
_b(Ara kapı)
_cErhan Bener
246 _a(Ara kapı)
260 _aİstanbul
_bVarlık yayınları
_c1965
300 _a95 s.
_c16 sm.
440 _aVarlık yayınları
_vsayı. 1181
490 _aVarlık büyük cep kitapları
_v260
650 _aTürk Edebiyatı
_xRoman
740 _a(Ara kapı)
942 _2ddc
_cBKS
040 _aMilas
_btur
_cTR-AnCHP
999 _c11824
_d11824